Statistiques concernant Traduction anglais-français n°2

Cliquez ici pour prendre le quiz!

Statistiques générales

  • Ce quiz a été pris 1 312 fois
  • Le résultat moyen est 20 sur 30

Statistiques - réponses

Noms anglaisNoms français% Correct
CrocodileCrocodile
99%
BearOurs
99%
AlligatorAlligator
98%
ElephantÉléphant
98%
KangarooKangourou
98%
ZebraZèbre
97%
IguanaIguane
96%
ButterflyPapillon
96%
FoxRenard
96%
Eagle, HawkAigle
95%
SpiderAraignée
95%
MarmotMarmotte
93%
Polar bearOurs polaire
93%
MosquitoMoustique
82%
Red pandaPanda roux
75%
AntFourmi
68%
PlanktonPlancton
66%
CondorCondor
60%
OwlChouette/Hibou
59%
SwanCygne
57%
DeerDaim/Biche/Chevreuil
50%
ReindeerRenne
38%
BeaverCastor
28%
OtterLoutre
28%
MooseÉlan
27%
HenPoule
23%
BeetleScarabée
23%
MoleTaupe
21%
HareLièvre
16%
WildebeestGnou
7%

Distribution des résultats

Percentile par nombre de réponses

% des personnes avec chaque résultat

Votre développement - résultats

Vous n’avez pas pris ce quiz